Score 0/20 Timer 03:00
0 Plays Today
Movie Title Missing Word % Correct
The Texas Chain Saw _________Massacre
92.1%
The ______ Mile ✮ Green
91.3%
_______ by Northwest ✮ North ✮
89.5%
Patch _______Adams ✮
85%
American _____Pie ✮
78.3%
Mr. _____'s Holiday ✮ Bean
76.2%
Mystic _______River ✮
75.8%
I Am ____ ✮ Sam
72.7%
____ School ✮ Old ✮
70.5%
Bachelor ________Party ✮
62.1%
Movie Title Missing Word % Correct
_______s vs. AliensMonster ✮
62.1%
_________ GamesPatriot
60.9%
Charlie: Life & Art of _______ Chaplin ✮ Charles
57.3%
________'s RunLogan
48.3%
____ and Sympathy ✮ Tea
41.6%
Ghost _____Town ✮
40.9%
Ice ______ Man ✮ Cream
32.6%
________ Road TripCollege
30.1%
_________ ManMarathon
29.5%
The _______ Mouse ✮ Church ✮
19%

Today's Daily Dose

Remove Ads.
Support Sporcle.
Get the best of Sporcle when you Go Orange. This ad-free experience offers more features, more stats, and more fun while also helping to support Sporcle. Thank you for becoming a member.

You're not logged in!

Compare scores with friends on all Sporcle quizzes.
OR
Log In

Show Comments

Extras

Top Quizzes Today


Score Distribution

Your Account Isn't Verified!

In order to create a playlist on Sporcle, you need to verify the email address you used during registration. Go to your Sporcle Settings to finish the process.

Report this User

Report this user for behavior that violates our Community Guidelines.

Details: